Normal view
MARC view
- Shyla Joseph (Guide)
Entry Personal Name
001 - CONTROL NUMBER
- control field: 5732
003 - CONTROL NUMBER IDENTIFIER
- control field: OSt
005 - DATE AND TIME OF LATEST TRANSACTION
- control field: 20231128151732.0
008 - FIXED-LENGTH DATA ELEMENTS
- fixed length control field: 231128|| aca||aabn | a|a d
040 ## - CATALOGING SOURCE
- Original cataloging agency: OSt
- Transcribing agency: OSt
100 ## - HEADING--PERSONAL NAME
- Personal name: Shyla Joseph (Guide)
670 ## - SOURCE DATA FOUND
- Source citation: Work cat.: (OSt)18064: Shahala M 5731, Development and evaluation of automated data acquisition NFT hydroponics system /
